000 00883nam a22002417a 4500
999 _c64265
_d64265
005 20240530110723.0
008 180402s2017 ua a g b 000 0 ara d
017 _a2016/19402
_bمصر. دار الكتب
020 _a9789774952708
040 _aEG-CaGPL
_cEG-CaGPL
082 0 4 _221
_a229.45101 /
_bج أ
100 0 _aجلال احمد ابوبكر
245 1 2 _aالاعداد فى محكم الآيات وفى الحضارات /
_cجلال احمد ابوبكر
250 _aط.1
260 _aالقاهرة :
_bدار العالم العربى ،
_c2017.
300 _a155 ص. :
_bايض ؛
_c24 سم .
504 _aيشتمل على ارجاعات ببليوجرافية
650 0 7 _2qrmak
_aالاعداد فى القرآن
650 0 7 _2qrmak
_aالنظم العددية
651 _2qrmak
942 _2ddc
_cBK